MARC

LEADER 00000nam0a2200000 4500
001 281124
005 20231101235355.0
035 |a (RuTPU)RU\TPU\book\304764 
035 |a RU\TPU\book\304761 
090 |a 281124 
100 |a 20150119d1984 k y0rusy50 ca 
101 0 |a rus 
102 |a GE 
105 |a a z 001zy 
200 1 |a Теория механизмов и машин  |e научные труды  |f Грузинский государственный политехнический институт им. В. И. Ленина ; гл. ред. Д. С. Тавхелидзе 
210 |a Тбилиси  |c Изд-во ГПИ  |d 1984 
215 |a 96 с.  |c ил. 
225 1 |a Труды Грузинского политехнического института  |v N 3 (273) 
320 |a Библиография в конце статей 
606 |a Механизмы и машины  |x Теория  |2 stltpush  |3 (RuTPU)RU\TPU\subj\64695  |9 81456 
610 1 |a исследования 
610 1 |a пространственные механизмы 
610 1 |a сферические механизмы 
610 1 |a плоские механизмы 
610 1 |a проектирование 
610 1 |a машины 
610 1 |a приводы 
610 1 |a нелинейные системы 
610 1 |a теория 
675 |a 621.01  |v 3 
702 1 |a Тавхелидзе  |b Д. С.  |4 651 
712 0 2 |a Грузинский государственный политехнический институт им. В. И. Ленина  |c (Тбилиси)  |c (1959-1990)  |2 stltpush  |3 (RuTPU)RU\TPU\col\13604  |9 25717 
801 1 |a RU  |b 63413507  |c 20051205  |g PSBO 
801 2 |a RU  |b 63413507  |c 20170704  |g PSBO 
942 |c BK